Wireless sensor and ad hoc networks under diversified network scenarios (Record no. 71568)

000 -LEADER
fixed length control field 00686nam a22002057a 4500
003 - CONTROL NUMBER IDENTIFIER
control field NUST - PNEC
005 - DATE AND TIME OF LATEST TRANSACTION
control field 20170116181204.0
008 - FIXED-LENGTH DATA ELEMENTS--GENERAL INFORMATION
fixed length control field 160222b xxu||||| |||| 00| 0 eng d
020 ## - INTERNATIONAL STANDARD BOOK NUMBER
International Standard Book Number 9781608074686
040 ## - CATALOGING SOURCE
Transcribing agency LIBRARY
082 ## - DEWEY DECIMAL CLASSIFICATION NUMBER
Classification number 621.382 SAR
100 ## - MAIN ENTRY--PERSONAL NAME
9 (RLIN) 16581
Personal name Sarkar, Subir Kumar
245 ## - TITLE STATEMENT
Title Wireless sensor and ad hoc networks under diversified network scenarios
Statement of responsibility, etc. Subir Kumar Sarkar
250 ## - EDITION STATEMENT
Edition statement -
260 ## - PUBLICATION, DISTRIBUTION, ETC.
Place of publication, distribution, etc. Norwood :
Name of publisher, distributor, etc. Artech House
Date of publication, distribution, etc. c.2012
300 ## - PHYSICAL DESCRIPTION
Extent 260 pages
650 ## - SUBJECT ADDED ENTRY--TOPICAL TERM
9 (RLIN) 16582
Topical term or geographic name entry element Wireless sensor networks
General subdivision Computer, MIS
856 ## - ELECTRONIC LOCATION AND ACCESS
Uniform Resource Identifier <a href="http://www.amazon.in/s/ref=nb_sb_noss?url=search-alias%3Dstripbooks&field-keywords=9781608074686">http://www.amazon.in/s/ref=nb_sb_noss?url=search-alias%3Dstripbooks&field-keywords=9781608074686</a>
942 ## - ADDED ENTRY ELEMENTS (KOHA)
Source of classification or shelving scheme
Koha item type Book
Holdings
Withdrawn status Lost status Source of classification or shelving scheme Materials specified (bound volume or other part) Damaged status Not for loan Permanent Location Current Location Shelving location Date acquired Source of acquisition Cost, normal purchase price Total Checkouts Full call number Barcode Date last seen Cost, replacement price Price effective from Koha item type
      hardbound     Pakistan Navy Engineering College (PNEC) Pakistan Navy Engineering College (PNEC) Reference 12/03/2015 Progressive International Agencies / Ref Grant 13225.21   621.382 SAR PNECLIB-032628 02/22/2016 13225.21 12/03/2015 Book
© 2023 Central Library, National University of Sciences and Technology. All Rights Reserved.